| 000 | 00823ngm a22003490a 4500 | ||
|---|---|---|---|
| 001 | PT39984 | ||
| 003 | AR-LpoUNG | ||
| 005 | 20210201235902.0 | ||
| 007 | vd cvaizq | ||
| 008 | 191001s2009||||xxu|||||||||||||||||eng d | ||
| 037 | _c$49 | ||
| 040 |
_aAR-LpoUNG _bspa _cAR-LpoUNG _eaacr |
||
| 041 | _aeng | ||
| 044 | _axxu | ||
| 082 | 0 | _a784.6 232les | |
| 100 | 1 | _aGaribaldi, David | |
| 245 | 1 | 0 |
_aLessons : _bbreaking the code |
| 250 | _a1ยช ed. | ||
| 260 |
_as.l. : _bHudson music, _c2009. |
||
| 300 | _aDVD (140 min.) : son., col. | ||
| 650 | 4 | _aMUSICA | |
| 651 | 4 | _aDOCUMENTOS TEORICOS O METODOLOGICOS | |
| 653 | _aBATERIA | ||
| 653 | _aDVD | ||
| 653 | _aMUSICA | ||
| 653 | _aPERCUSION | ||
| 653 | _aTAMBOR | ||
| 653 | _aTECNICA | ||
| 653 | _aTECNICAS MUSICALES | ||
| 905 | _a39984 | ||
| 942 | _cDVD | ||
| 999 |
_c53701 _d53701 |
||